[Event "CSR-ch"]
[Site "Rimavska Sobota"]
[Date "1974.??.??"]
[Round "11"]
[White "Hort, Vlastimil"]
[Black "Mista, Ladislav"]
[Result "1/2-1/2"]
[WhiteElo "2600"]
[BlackElo "2355"]

1.d4 Nf6 2.Bg5 e6 3.Nc3 Be7 4.e4 h6 5.Bh4 Nxe4 6.Bxe7 Nxc3 7.Bxd8 Nxd1 8.Bxc7 Nxb2
9.Bd6 Nc6 10.Nf3 b6 11.a4 Na5 12.Nd2 Nb7 13.Bb4 d5 14.Ra2 Nc4 15.Nxc4 dxc4
16.Bxc4 Bd7 17.O-O O-O-O 18.a5 Bc6 19.axb6 axb6 20.c3 Kc7 21.f3 Bd5 22.Bxd5 Rxd5
23.Ra7 Rhd8 24.Rb1 Kc6 25.Ra6 Kb5 26.Ra7 Kc6 27.Rb2 e5 28.dxe5 Rxe5 29.Ra6 Kc7
30.c4 Re6  1/2-1/2

[Event "Mercedes op"]
[Site "Mercedes"]
[Date "1975.??.??"]
[Round "5"]
[White "Rossetto, Hector"]
[Black "Bademian, Jose"]
[Result "1-0"]
[WhiteElo "2430"]
[BlackElo "2210"]

1.d4 Nf6 2.Bg5 e6 3.Nf3 Be7 4.Nbd2 d5 5.e3 Nbd7 6.Bd3 c5 7.c3 b6 8.Ne5 Bb7
9.f4 O-O 10.Qf3 Nxe5 11.fxe5 Ne4 12.Bf4 f5 13.exf6 Nxf6 14.Qh3 Qd7 15.O-O Rae8
16.Be5 Bd8 17.Rf4 c4 18.Bc2 g6 19.Raf1 Nh5 20.R4f3 Rxf3 21.Nxf3 Rf8 22.g4 Nf6
23.Ng5 Bc8 24.Rf4 b5 25.Nf3 Bb7 26.Qh6 Rf7 27.Nh4 Ne4 28.Nxg6 Qe8 29.Rxf7 Qxf7
30.Bxe4 dxe4 31.Nf4 Bc8 32.Kg2 Bd7 33.g5 Qf8 34.Qxf8+ Kxf8 35.h4 Be7 36.Nh5 Kf7
37.Kg3 a5 38.Nf6 Bxf6 39.Bxf6 b4 40.Kf4 Bc6 41.Ke5 a4 42.a3 bxa3 43.bxa3 Bd5
44.h5 Bc6 45.g6+ hxg6 46.hxg6+ Kxg6 47.Kxe6 Kh5 48.d5 Be8 49.d6  1-0

[Event "Hoogovens-B"]
[Site "Wijk aan Zee"]
[Date "1975.??.??"]
[Round "9"]
[White "Sigurjonsson, Gudmundur"]
[Black "Weinstein, Norman"]
[Result "1/2-1/2"]
[WhiteElo "2475"]
[BlackElo "2465"]

1.d4 Nf6 2.Bg5 e6 3.Nd2 c5 4.e3 Be7 5.Ngf3 b6 6.c3 Bb7 7.Bd3 d5 8.O-O Nbd7
9.Qb1 h6 10.Bh4 O-O 11.b4 cxb4 12.cxb4 Rc8 13.Qb2 Ne4 14.Bxe7 Qxe7 15.Rfc1 Qd6  1/2-1/2

[Event "NLD-ch"]
[Site "Leeuwarden"]
[Date "1976.??.??"]
[Round "?"]
[White "Enklaar, Bertus F"]
[Black "Van der Vliet, Fred"]
[Result "1-0"]
[WhiteElo "2410"]
[BlackElo "2320"]

1.d4 Nf6 2.Bg5 e6 3.Nc3 h6 4.Bxf6 Qxf6 5.e4 d6 6.Qd2 c6 7.Nf3 Nd7 8.O-O-O Qd8
9.g4 Be7 10.h4 a6 11.Bg2 b5 12.g5 Nb6 13.Qf4 Ra7 14.Bh3 b4 15.Ne2 a5 16.g6 f6
17.Qe3 Nc4 18.Qd3 d5 19.Nf4 Qd6 20.Nh5 O-O 21.exd5 cxd5 22.b3 Na3 23.Rd2 Rc7
24.Qe2 Bd7 25.Ne1 Rfc8 26.f4 Kh8 27.Rh2 Rc3 28.Qd1 a4 29.Kb2 axb3 30.cxb3 Qc7
31.Nc2 Re3 32.Rd3 Rxd3 33.Qxd3 Bb5 34.Qd2 Qd6 35.Ne3 Be8 36.Rg2 Rc3 37.Rg1 Qc6
38.f5 exf5 39.Bxf5 Bd6 40.Nxf6 Bf4 41.Nfxd5 Qxd5 42.Nxd5 Bxd2 43.Nxc3 Bxc3+
44.Kc1 Kg8 45.d5 Nb5 46.Rg4 Kf8 47.Bd3 Bd7 48.Rc4 Nd6 49.Rf4+ Ke7 50.Kc2 Nb7
51.a3 Kd6 52.axb4 Be5 53.Rf7 Nd8 54.Rf8 Kc7 55.b5 Nb7 56.Rf7 Kd6 57.b4 h5
58.Kb3 Nd8 59.Rf8 Ke7 60.Rg8 Nb7 61.b6 Nd6 62.Ra8 Bc8 63.Ba6 Bxa6 64.Rxa6 Kd7
65.Ra8 Bd4 66.Rg8 Ke7 67.Kc2 Kf6 68.Rd8 Ke5 69.Rd7 Bxb6 70.Rxg7 Kf6 71.Rd7 Nf5
72.g7  1-0

[Event "BCF-ch"]
[Site "Ayr"]
[Date "1978.08.08"]
[Round "2"]
[White "Bellin, Robert"]
[Black "Plaskett, Jim"]
[Result "0-1"]
[WhiteElo "2420"]
[BlackElo "2410"]

1.d4 Nf6 2.Bg5 e6 3.e4 h6 4.Bxf6 Qxf6 5.Nf3 d6 6.Nc3 g6 7.Bb5+ Bd7 8.Qe2 Bg7
9.Bxd7+ Nxd7 10.Qb5 Rb8 11.Qa5 c5 12.dxc5 Nxc5 13.Qb5+ Nd7 14.Rd1 Qe7 15.e5 a6
16.exd6 axb5 17.dxe7 b4 18.Nb5 Kxe7 19.c3 Ra8 20.Ra1 Ra5 21.Nbd4 Rha8 22.cxb4 Rxa2
23.Rb1 R8a4 24.Nc2 Bxb2 25.Kd2 Bf6 26.Rhc1 Nb6 27.Ke1 Bb2 28.Ncd4  0-1

[Event "BCF-ch"]
[Site "Ayr"]
[Date "1978.08.09"]
[Round "3"]
[White "Bellin, Robert"]
[Black "Carleton, John J"]
[Result "1/2-1/2"]
[WhiteElo "2420"]
[BlackElo "2280"]

1.d4 Nf6 2.Bg5 e6 3.Nf3 d5 4.Nbd2 Be7 5.e3 Nbd7 6.Bd3 c5 7.c3 a6 8.a4 b6
9.O-O Bb7 10.Qb1 h6 11.Bh4 O-O 12.b4 cxb4 13.cxb4 Rc8 14.Qb2 Ne4 15.Bxe7 Qxe7
16.Rfc1 Nxd2 17.Qxd2 Qd6 18.h3 Rxc1+ 19.Rxc1 Rc8 20.Rxc8+ Bxc8 21.Qc3 Bb7
22.a5 Nb8 23.b5 axb5 24.Bxb5 Qd8 25.Nd2 bxa5 26.Nb3 Qb6 27.Qxa5 Qxa5 28.Nxa5 Bc8
29.Kf1 Kf8 30.Ke2 Ke7 31.Kd2 Bd7 32.Bd3 Nc6 33.Nb7 Bc8 34.Nc5 Kd6 35.Bb5 Ne7
36.Nd3 Ng6 37.Kc3 Bd7 38.Bxd7 Kxd7 39.g3 Kc6 40.Kb4 h5 41.h4 f6  1/2-1/2

[Event "BCF-ch"]
[Site "Ayr"]
[Date "1978.08.14"]
[Round "7"]
[White "Bellin, Robert"]
[Black "Findlay, David John"]
[Result "1-0"]
[WhiteElo "2420"]
[BlackElo "2290"]

1.d4 Nf6 2.Bg5 e6 3.e4 Be7 4.Bd3 h6 5.Bh4 g5 6.Bg3 h5 7.h4 g4 8.Ne2 b6 9.e5 Nd5
10.a3 c6 11.c4 Nc7 12.Nbc3 d5 13.exd6 Bxd6 14.Bxd6 Qxd6 15.Ne4 Qe7 16.Qd2 Ba6
17.Qf4 Nd5 18.cxd5 Bxd3 19.d6 Qf8 20.Nf6+ Kd8 21.Ng3 Bg6 22.Nge4 Nd7 23.Nxd7 Kxd7
24.Nf6+ Kc8 25.O-O Kb7 26.Rac1 Rd8 27.d7 Qe7 28.d5 exd5 29.Rfe1 Be4 30.f3 gxf3
31.gxf3 Rhg8+ 32.Nxg8 Rxg8+ 33.Kh2 Qxd7 34.fxe4 Rg4 35.Qf6 dxe4 36.Rcd1 Qc7+
37.Qd6 Rxh4+ 38.Kg3 Rg4+ 39.Kf2 f5 40.Qxc7+ Kxc7 41.Rg1 f4 42.Rxg4 hxg4 43.Rd4  1-0

[Event "CSR-ch"]
[Site "Marianske Lazne"]
[Date "1978.??.??"]
[Round "15"]
[White "Tichy, Vladimir"]
[Black "Vokac, Marek"]
[Result "1-0"]
[WhiteElo "2200"]
[BlackElo "2200"]

1.d4 Nf6 2.Bg5 e6 3.Nd2 h6 4.Bh4 c5 5.e3 d5 6.c3 Nc6 7.Ngf3 Be7 8.Bd3 O-O
9.O-O Nd7 10.Bxe7 Qxe7 11.Re1 Rd8 12.Qe2 e5 13.e4 dxe4 14.Bxe4 cxd4 15.cxd4 exd4
16.Rac1 Qf6 17.Bxc6 bxc6 18.Ne4 Qg6 19.Nxd4 Ne5 20.Ng3 Nd3 21.Rxc6 f6 22.Ne6 Re8
23.Qc2 Nf4 24.Qxg6 Nxg6 25.Re3 Rb8 26.Nf4 Bd7 27.Rc7 Nxf4 28.Rxd7 Rec8 29.h3 Rc1+
30.Kh2 Rc5 31.Re4 Ng6 32.b3 a5 33.Rg4 Kh7 34.Ra7 h5 35.Rc4 Rbc8 36.Nxh5 Rxc4
37.bxc4 Kh6 38.Nxg7 Rxc4 39.Nf5+ Kg5 40.Rxa5 Ne5 41.Ne3  1-0

[Event "CSR-ch"]
[Site "Marianske Lazne"]
[Date "1978.??.??"]
[Round "16"]
[White "Tichy, Vladimir"]
[Black "Plachetka, Jan"]
[Result "0-1"]
[WhiteElo "2200"]
[BlackElo "2460"]

1.d4 Nf6 2.Bg5 e6 3.Nd2 h6 4.Bh4 c5 5.e3 b6 6.Ngf3 Be7 7.Bd3 Ba6 8.Bxa6 Nxa6
9.O-O O-O 10.Qe2 Qc8 11.Ne4 Nxe4 12.Bxe7 Re8 13.Bh4 Nb4 14.c3 Qa6 15.Qxa6 Nxa6
16.Rfd1 d5 17.Nd2 Nxd2 18.Rxd2 cxd4 19.Rxd4 Nb8 20.Re1 Nc6 21.Rdd1 g5 22.Bg3 Red8
23.f3 f5 24.h4 Kf7 25.hxg5 hxg5 26.Kf2 b5 27.Rh1 Rh8 28.Ke2 a5 29.Bd6 a4
30.g4 Kg6 31.Kf2 fxg4 32.fxg4 Na5 33.Rxh8 Rxh8 34.Bc7 Nb7 35.e4 dxe4 36.Be5 Rh4
37.Kg3 Nc5 38.Rf1 Nd7 39.Bd4 e5 40.Be3 Nf6 41.Rd1 Rxg4+ 42.Kf2 Rh4 43.Kg2 Nh5
44.b3 axb3 45.axb3 Nf4+ 46.Kg1 Rh3 47.Re1 Nd5 48.Bd2 Rd3 49.c4 bxc4 50.bxc4 Rxd2
51.cxd5 Rxd5 52.Rxe4 Kf5 53.Ra4 e4 54.Kf2 Kf4 55.Ke2 Rb5 56.Ra2 g4 57.Kf2 Rb4
58.Kg2 e3 59.Kf1 g3  0-1

[Event "HUN-ch"]
[Site "Budapest"]
[Date "1979.??.??"]
[Round "13"]
[White "Orso, Miklos"]
[Black "Farago, Ivan"]
[Result "0-1"]
[WhiteElo "2350"]
[BlackElo "2510"]

1.d4 Nf6 2.Bg5 e6 3.Nc3 h6 4.Bxf6 Qxf6 5.e4 d6 6.Nf3 g5 7.Bd3 Bg7 8.O-O O-O
9.e5 Qe7 10.Qe2 d5 11.Nd1 c5 12.c3 Nc6 13.Ne3 Bd7 14.Rae1 cxd4 15.cxd4 Rac8
16.Bb1 f5 17.exf6 Bxf6 18.Ng4 Qg7 19.Qd2 Be7 20.Qe3 Rf4 21.Nge5 Nxe5 22.Nxe5 Bb5
23.Ng6 Rf6 24.Nxe7+ Qxe7 25.Rc1 Rcf8 26.Rfe1 Rxf2 27.Qxf2 Rxf2 28.Kxf2 Qf6+
29.Kg1 Qxd4+ 30.Kh1 Qxb2 31.Rc7 Qf2 32.Rcc1 Kf7 33.h3 Bc4 34.Bc2 b5 35.Bb3 Ke7
36.Re5 Kd7 37.Rce1 Bf1  0-1

[Event "URS Spartakiad"]
[Site "URS"]
[Date "1979.??.??"]
[Round "?"]
[White "Palatnik, Semon"]
[Black "Kaiumov, Dmitry D"]
[Result "1-0"]
[WhiteElo "2515"]
[BlackElo "2200"]

1.d4 Nf6 2.Bg5 e6 3.e4 h6 4.Bxf6 Qxf6 5.Nf3 b6 6.Nbd2 Bb7 7.Bd3 d6 8.Qe2 g6
9.e5 Qe7 10.h4 Bg7 11.h5 g5 12.O-O-O Nc6 13.exd6 Qxd6 14.c3 O-O-O 15.Nc4 Qf4+
16.Qe3 e5 17.Qxf4 exf4 18.Rhe1 Rhe8 19.Rxe8 Rxe8 20.d5 Nb8 21.d6 Bc6 22.Bf5+ Bd7
23.dxc7 Kxc7 24.Nd6 Re2 25.Bxd7 Nxd7 26.Ng1 Re5 27.Nxf7 Re6 28.Nf3 a6 29.Re1 Rxe1+
30.Nxe1 Nf6 31.Ne5 Nxh5 32.Ng4 Nf6 33.Nxf6 Bxf6 34.Kd2 b5 35.Kd3 Kd6 36.Ke4 b4
37.cxb4 Bxb2 38.a4 Bc3 39.Nd3 Kc6 40.f3 Kd6 41.b5 axb5 42.axb5 h5 43.Kf5 g4
44.fxg4 hxg4 45.Kxf4 Kc7 46.Nc5 Bd2+ 47.Ke4 Kb6 48.Kd3 Bb4 49.Na6 Bd6 50.Kc4 g3
51.Nb4 Ka5 52.Nd5 Ka4 53.Nc3+ Ka5 54.Ne4 Bc7 55.Kc5 Be5 56.b6  1-0

[Event "BCF-ch"]
[Site "Brighton"]
[Date "1980.08.05"]
[Round "2"]
[White "Basman, Michael J"]
[Black "Neat, Kenneth P"]
[Result "1/2-1/2"]
[WhiteElo "2405"]
[BlackElo "2315"]

1.d4 Nf6 2.Bg5 e6 3.Nd2 c5 4.e3 d5 5.c3 b6 6.Ngf3 Be7 7.h4 Nbd7 8.Bd3 Bb7
9.Bf4 a6 10.Ne5 b5 11.Qf3 Nxe5 12.dxe5 Nd7 13.Qg4 Bf8 14.a4 Qb6 15.axb5 axb5
16.O-O g6 17.Nf3 h6 18.b4 Bg7 19.Rxa8+ Bxa8 20.Ra1 Bb7 21.bxc5 Nxc5 22.Bxg6 fxg6
23.Qxg6+ Kf8 24.Nd4 Qd8 25.Nxe6+ Nxe6 26.Qxe6 Bc8 27.Qc6 Qd7 28.Qc5+ Kg8
29.Ra7 Qe6 30.Re7 Qf5 31.Qc7 Bf8 32.Re8 Bd7 33.Rd8 Rh7 34.Qd6 Rf7 35.Qxh6 Rh7
36.Qg5+ Qxg5 37.Bxg5 Be6 38.Rb8 Rc7 39.f3 Rxc3 40.Rxb5 Rc2 41.Kh2 Bc5 42.Rb8+ Kf7
43.Rb7+ Kg6 44.Rc7 Rc3 45.Bf6 d4 46.exd4 Bxd4 47.Rxc3 Bxc3 48.g4 Be1 49.Kh3 Bc4
50.h5+ Kh6 51.Kg2 Bd5 52.Be7 Bc3 53.Bf8+ Kg5 54.Bg7 Kf4 55.Bh6+ Kxe5 56.Kf2 Kf6
57.f4 Bb3  1/2-1/2

[Event "Biel"]
[Site "Biel"]
[Date "1981.??.??"]
[Round "?"]
[White "Gruenfeld, Yehuda"]
[Black "Wirthensohn, Heinz"]
[Result "0-1"]
[WhiteElo "2515"]
[BlackElo "2420"]

1.d4 Nf6 2.Bg5 e6 3.e4 h6 4.Bxf6 Qxf6 5.Nf3 d6 6.Bd3 Nd7 7.Nbd2 g6 8.Qe2 Bg7
9.O-O O-O 10.Rfe1 e5 11.c3 Qe7 12.Nc4 Nb6 13.Ne3 h5 14.h3 a5 15.Rad1 Be6
16.Bb1 c6 17.Qc2 Qf6 18.Nh2 a4 19.dxe5 dxe5 20.c4 Nd7 21.b4 axb3 22.axb3 Qe7
23.Nf5 Qb4 24.Nf3 Nc5 25.Re3 Bf6 26.g4 hxg4 27.hxg4 Ra3 28.g5 Bd8 29.Nh6+ Kg7
30.Qb2 Rxb3 31.Qxe5+ f6 32.Qh2 Rxb1 33.Nf5+ Bxf5 34.Qh6+ Kg8 35.exf5 Rxd1+
36.Kg2 Rd7  0-1

[Event "Caorle op"]
[Site "Caorle"]
[Date "1981.??.??"]
[Round "9"]
[White "Kvist, A."]
[Black "Santolini, Luigi"]
[Result "0-1"]
[WhiteElo "2200"]
[BlackElo "2220"]

1.d4 Nf6 2.Bg5 e6 3.Nf3 Be7 4.Nbd2 d5 5.e3 O-O 6.Bd3 Nbd7 7.c3 c5 8.Bf4 b6
9.Ne5 Bb7 10.Qf3 Re8 11.h4 Nxe5 12.Bxe5 Nd7 13.Qh5 g6 14.Qg4 Nxe5 15.dxe5 Qc7
16.Nf3 Bf8 17.h5 Bg7 18.hxg6 hxg6 19.O-O-O d4 20.exd4 cxd4 21.Nxd4 Qxe5 22.Kb1 Rad8
23.Rhe1 Qf6 24.f3 Rd5 25.Bc4 Rg5 26.Qh4 Bd5 27.Bxd5 Rxd5 28.Nc2 Red8 29.Qh1 Qg5
30.Rxd5 Rxd5 31.Qf1 Rd2 32.Re2 Qb5 33.Re1 Qxf1 34.Rxf1 Rxg2 35.Nb4 Rd2 36.a4 f5
37.Nc6 a5 38.Ne7+ Kf7 39.Nc8 Rd8 40.Nxb6 Bxc3 41.Nc4 Bf6 42.Nxa5 Ra8 43.b4 Bc3
44.Rc1 Bxb4 45.Rc7+ Kf6 46.Nc4 Rxa4 47.f4 Be1  0-1

[Event "Tuzla"]
[Site "Tuzla"]
[Date "1981.??.??"]
[Round "4"]
[White "Kovacevic, Vlatko"]
[Black "Schussler, Harry"]
[Result "1/2-1/2"]
[WhiteElo "2485"]
[BlackElo "2495"]

1.d4 Nf6 2.Bg5 e6 3.Nd2 h6 4.Bh4 d5 5.e3 b6 6.Ngf3 Bb7 7.Ne5 Be7 8.f4 Nfd7
9.Bxe7 Qxe7 10.Bd3 Nxe5 11.fxe5 Nd7 12.Qe2 O-O-O 13.O-O-O Kb8 14.Nf3 f6 15.exf6 gxf6
16.e4 e5 17.exd5 Bxd5 18.Rhe1 Bxa2 19.Be4 Qe6 20.Qa6 c6 21.b3 f5 22.Bd3 Bxb3
23.cxb3 e4 24.Bc2 Qd6 25.Ne5 Nxe5 26.dxe5 Qxe5 27.g3 Rd5 28.Qa3 Rhd8 29.Qb2 Rd4
30.Rxd4 Rxd4 31.Kb1 Kb7 32.Re2 c5 33.Qc3 a5 34.g4 fxg4 35.Bxe4+ Kc7 36.Bd3 Qd6
37.Bb5 Qg6+ 38.Kb2 Qf6 39.Kc2 Qf5+ 40.Bd3 Qf6 41.Qe1 a4 42.Qg3+ Qf4 43.bxa4 Rxa4
44.Kb2 Rb4+ 45.Kc3 Ra4 46.Re7+ Kd8 47.Qxf4 Rxf4 48.Rh7 Rf6 49.Kc4 Rd6 50.Bf5 Rf6
51.Be4 Rd6 52.Kb5 Rf6 53.Bc6 Rd6 54.Kxb6 c4 55.Rg7 c3 56.Rxg4 c2 57.Rc4 Rd2
58.h3 Ke7 59.Bb7 Kd6 60.Bc8 Ke5 61.Bg4 Rd6+ 62.Kb7 Rd2 63.Rc7 Rf2 64.Bd7 Rf7  1/2-1/2

[Event "Beersheba+"]
[Site "Beersheba"]
[Date "1982.??.??"]
[Round "1"]
[White "Gruenfeld, Yehuda"]
[Black "Greenfeld, Alon"]
[Result "1-0"]
[WhiteElo "2505"]
[BlackElo "2305"]

1.d4 Nf6 2.Bg5 e6 3.e4 h6 4.Bxf6 Qxf6 5.Nf3 d6 6.Nc3 Nd7 7.Qd2 c6 8.O-O-O Be7
9.Kb1 e5 10.h4 Nb6 11.Be2 Be6 12.Qe3 O-O-O 13.d5 cxd5 14.exd5 Bd7 15.a4 Qf4
16.Qxf4 exf4 17.a5 Na4 18.Nxa4 Bxa4 19.Rd4 Bd7 20.Rxf4 Bf6 21.Bd3 Kb8 22.g4 Rc8
23.Re1 Rhf8 24.g5 hxg5 25.hxg5 Bd8 26.b4 f6 27.Nd4 f5 28.Ne6 Bxe6 29.dxe6 g6
30.Rd4 Be7 31.Rh1 Rh8 32.Rxh8 Rxh8 33.f4 Rh4 34.c3 Rh3 35.Kc2 Bf8 36.Bb5 Re3
37.Bd7 Re4 38.Rxe4 fxe4 39.Be8 Kc7 40.c4 d5 41.c5 b6 42.cxb6+ axb6 43.Bxg6 bxa5
44.bxa5 Bc5 45.Bxe4  1-0

[Event "Hamburg TV-B"]
[Site "Hamburg"]
[Date "1982.??.??"]
[Round "3"]
[White "Timman, Jan H"]
[Black "Lobron, Eric"]
[Result "0-1"]
[WhiteElo "2600"]
[BlackElo "2470"]

1.d4 Nf6 2.Bg5 e6 3.e4 h6 4.Bxf6 Qxf6 5.Nf3 g6 6.Nc3 Bg7 7.Qd2 O-O 8.e5 Qe7
9.O-O-O d6 10.Bc4 Nd7 11.Qf4 a6 12.Bd3 b5 13.Ne4 Bb7 14.exd6 cxd6 15.Qxd6 Qxd6
16.Nxd6 Bxf3 17.gxf3 Nb6 18.c3 Ra7 19.Ne4 Nd5 20.Rhe1 Rd8 21.Nc5 b4 22.Kc2 bxc3
23.bxc3 Nxc3 24.Rd2 Nd5 25.Bc4 Nb4+ 26.Kb3 Nc6 27.Bxa6 Bxd4 28.Rxd4 Nxd4+
29.Kc4 Nxf3 30.Re3 Rd5 31.Rxf3 Rc7 32.a4 Rcxc5+ 33.Kb4 Kf8 34.Bc4 Re5 35.Bxe6 Rc7
36.Bb3 Rb7+ 37.Kc3 Rc5+ 38.Kd4 Rh5 39.h3 Rb4+ 40.Kc3 Rb7 41.Bc4 Rh4 42.Bb5 Ke7
43.Rd3 f5 44.Kb3 g5 45.Ka3 g4 46.hxg4 fxg4 47.Rd4 h5 48.Kb4 Rh1 49.Kc5 Rc1+
50.Kd5 Rb6 51.Ke5 Rc5+ 52.Ke4 Re6+ 53.Kd3 Rd6 54.Bc4 h4 55.Ke3 Rxd4 56.Kxd4 Rxc4+  0-1

[Event "Manila"]
[Site "Manila"]
[Date "1982.??.??"]
[Round "?"]
[White "De Guzman, Ricardo"]
[Black "Mascarinas, Rico"]
[Result "1-0"]
[WhiteElo "2320"]
[BlackElo "2410"]

1.d4 Nf6 2.Bg5 e6 3.Nf3 h6 4.Bh4 b6 5.Nbd2 Bb7 6.e3 c5 7.Bd3 d6 8.O-O Be7
9.c3 O-O 10.Re1 Nbd7 11.a4 e5 12.dxe5 dxe5 13.e4 Nh5 14.Bg3 Nf4 15.Bb5 Ng6
16.Qb3 Nf6 17.Rad1 Qc7 18.Nc4 Bxe4 19.Nfxe5 Qb7 20.Rxe4 Qxe4 21.Bc6 Qf5 22.Ne3 Qh5
23.Bf3 Qg5 24.h4 Qxg3 25.fxg3 Nxe5 26.Bxa8 Rxa8 27.a5 c4 28.Nxc4 Bc5+ 29.Kf1 Neg4
30.Ke2 Nf2 31.Ne5 Nxd1 32.Qxf7+ Kh7 33.Kxd1 bxa5 34.Qg6+ Kg8 35.g4 Rd8+ 36.Kc2 Re8
37.g5 Rxe5 38.gxf6 Bf8 39.f7+ Kh8 40.Qc6  1-0

[Event "Sarajevo"]
[Site "Sarajevo"]
[Date "1982.??.??"]
[Round "?"]
[White "Kovacevic, Vlatko"]
[Black "Uhlmann, Wolfgang"]
[Result "1/2-1/2"]
[WhiteElo "2495"]
[BlackElo "2515"]

1.d4 Nf6 2.Bg5 e6 3.Nd2 h6 4.Bh4 d5 5.e3 Be7 6.Bd3 b6 7.Ngf3 Bb7 8.Ne5 Nfd7
9.Bxe7 Qxe7 10.f4 Ba6 11.Bxa6 Nxa6 12.O-O O-O 13.c3 c5 14.Qa4 Nab8 15.b4 Nxe5
16.fxe5 Nd7 17.Rab1 cxd4  1/2-1/2

[Event "Sarajevo"]
[Site "Sarajevo"]
[Date "1982.??.??"]
[Round "?"]
[White "Kovacevic, Vlatko"]
[Black "Makarichev, Sergey"]
[Result "1-0"]
[WhiteElo "2495"]
[BlackElo "2505"]

1.d4 Nf6 2.Bg5 e6 3.Nd2 h6 4.Bh4 c5 5.e3 Be7 6.c3 b6 7.Ngf3 Bb7 8.Bd3 Nc6
9.O-O O-O 10.Qe2 cxd4 11.exd4 Nh5 12.Bg3 d6 13.Rae1 Re8 14.Bb1 Nb8 15.Ne4 Ba6
16.c4 Nxg3 17.fxg3 Nd7 18.Qd3 Nf8 19.d5 e5 20.Nfd2 Bc8 21.Nc3 Bg5 22.Nde4 Be7
23.Qe2 Bd7 24.Rf2 f5 25.Nd2 e4 26.Nb3 Bf6 27.g4 e3 28.Rf3 fxg4 29.Rxe3 Bxc3
30.bxc3 Qg5 31.Nd4 Rxe3 32.Qxe3 Qxe3+ 33.Rxe3 Rc8 34.Bd3 Kf7 35.Kf2 Ng6 36.Bxg6+ Kxg6
37.Re7 Rd8 38.Ke3 Kf6 39.Re4 Bf5 40.Nxf5 Kxf5 41.Re7 g5 42.Rf7+ Kg6 43.Rxa7 Kh5
44.g3 Re8+ 45.Kd3 Re1 46.Rf7 Rd1+ 47.Kc2 Rh1 48.Rf2 Kg6 49.a4 Ra1 50.Kb3 h5
51.c5 bxc5 52.Ra2 Rb1+ 53.Kc4 Kf5 54.a5 Ke4 55.a6 Rb8 56.a7 Ra8 57.Kb5 Kxd5
58.Ra4 h4 59.Kb6 hxg3 60.hxg3 c4 61.Kb7  1-0

[Event "DEN-ch"]
[Site "Vejle"]
[Date "1982.??.??"]
[Round "7"]
[White "Fries Nielsen, Niels Jorgen"]
[Black "Hansen, Curt"]
[Result "1/2-1/2"]
[WhiteElo "2330"]
[BlackElo "2335"]

1.d4 Nf6 2.Bg5 e6 3.e4 h6 4.Bxf6 Qxf6 5.e5 Qd8 6.Nf3 d6 7.Bd3 c5 8.dxc5 d5
9.Nbd2 Bxc5 10.Nb3 Bb6 11.O-O Nc6 12.c3 Bd7 13.Qd2 g5 14.Rfe1 f5 15.Nfd4 O-O
16.Nb5 Qe7  1/2-1/2

[Event "Bela Crkva op"]
[Site "Bela Crkva"]
[Date "1983.??.??"]
[Round "11"]
[White "Thorsteins, Karl"]
[Black "Zivanovic, Ivan"]
[Result "1/2-1/2"]
[WhiteElo "2370"]
[BlackElo "2365"]

1.d4 Nf6 2.Bg5 e6 3.Nd2 h6 4.Bxf6 Qxf6 5.Ngf3 g6 6.e4 Bg7 7.Bd3 d6 8.e5 Qe7
9.Qe2 Nd7 10.h4 dxe5 11.dxe5 Nc5 12.Ne4 Bd7 13.O-O-O Nxd3+ 14.Qxd3 O-O-O
15.Qe3 Kb8 16.Rd3 Bc6 17.Rhd1 b6 18.Qd2 Kc8 19.Qf4 Rxd3 20.Rxd3 Rd8 21.Rxd8+ Kxd8
22.Nd4 Bb7 23.c3 Kc8 24.g3 a6 25.Nf6 Kb8 26.Kc2 Ka7 27.Ng4 g5 28.hxg5 hxg5
29.Qe3 Qd8 30.Qd2 Ka8 31.Nf3 Be4+ 32.Kc1 Qh8 33.Nxg5 Bg6 34.Qd7 Bxe5 35.Nxf7 Bxf7
36.Qxf7 Qh1+ 37.Kd2 Qd5+ 38.Kc1  1/2-1/2

[Event "SVK-ch"]
[Site "Nova Bana"]
[Date "1983.??.??"]
[Round "12"]
[White "Veselsky, Jozef"]
[Black "Petrik, Karol"]
[Result "0-1"]
[WhiteElo "2200"]
[BlackElo "2295"]

1.d4 Nf6 2.Bg5 e6 3.Nd2 c5 4.e3 Nc6 5.c3 d5 6.Ngf3 h6 7.Bh4 g5 8.Bg3 Nh5
9.Ne5 Nxg3 10.Nxc6 bxc6 11.hxg3 Rb8 12.Qc2 Qb6 13.Rb1 Bd7 14.Bd3 cxd4 15.exd4 c5
16.dxc5 Bxc5 17.Nf3 Be7 18.Ne5 Bb5 19.O-O h5 20.Rfe1 g4 21.Bg6 fxg6 22.Qxg6+ Kd8
23.Nf7+ Kd7 24.Nxh8 Rxh8 25.Re3 Rf8 26.Rd1 Bc5 27.Qg7+ Ke8 28.Qg6+ Kd8 29.Rxe6 Bxf2+
30.Kh1 Qb7 31.Rxd5+ Kc8 32.Rf6 Re8 33.Re5 Rxe5 34.Rf8+ Kc7 35.Qg7+ Kb6 36.Rf6+ Kc5
37.b4+ Kc4 38.Rf4+ Kd3 39.Qxe5 Be3 40.Rf6 Bc6 41.Rd6+ Ke2 42.Kh2 Bxg2 43.c4 Qxb4
44.Re6 Qd2 45.Qd6 Qxd6 46.Rxd6 Bf3 47.Re6 Kf2  0-1

[Event "Tatran Cup"]
[Site "Stary Smokovec"]
[Date "1983.??.??"]
[Round "12"]
[White "Meduna, Eduard"]
[Black "Cvetkovic, Srdjan"]
[Result "1-0"]
[WhiteElo "2465"]
[BlackElo "2410"]

1.d4 Nf6 2.Bg5 e6 3.e3 Be7 4.Nd2 d5 5.Bd3 c5 6.c3 Nbd7 7.f4 Qb6 8.Rb1 c4
9.Bc2 Qa5 10.a3 Nb6 11.a4 Bd7 12.Ra1 Bc6 13.Ngf3 Ng4 14.Qe2 f5 15.Bxe7 Kxe7
16.O-O Bxa4 17.h3 Nf6 18.Ra3 Qb5 19.Bxa4 Nxa4 20.Rfa1 Nb6 21.b3 a6 22.bxc4 Nxc4
23.Rb3 Qc6 24.Nxc4 dxc4 25.Ne5 cxb3 26.Nxc6+ bxc6 27.Qb2 Rhb8 28.Ra3 Nd7
29.Rxb3 Kd8 30.Rxb8+ Rxb8 31.Qa2 Ra8 32.Qxe6 Kc7 33.c4 a5 34.c5 Nb8 35.d5 a4
36.Qe7+ Kc8  1-0

[Event "URS-FL"]
[Site "Sverdlovsk"]
[Date "1984.??.??"]
[Round "?"]
[White "Gurgenidze, Bukhuti"]
[Black "Kholmov, Ratmir D"]
[Result "1/2-1/2"]
[WhiteElo "2450"]
[BlackElo "2445"]

1.d4 Nf6 2.Bg5 e6 3.Nd2 h6 4.Bxf6 Qxf6 5.Ngf3 d6 6.c3 Nd7 7.g3 g6 8.h4 Bg7
9.e3 O-O 10.g4 Qe7 11.g5 h5 12.Qc2 b6 13.Bg2 Bb7 14.O-O e5 15.Ne1 d5 16.Nd3 c5
17.Rae1 Qd6 18.dxe5 Nxe5 19.Nxe5 Bxe5 20.f4 Bg7 21.e4 dxe4 22.Nxe4 Bxe4 23.Rxe4 Rae8
24.f5 Rxe4 25.Qxe4 Rd8 26.fxg6 fxg6 27.Rf3 b5 28.Bh3 Kh7 29.Bf1 c4 30.a3 Rd7
31.Qf4 Be5 32.Qe3 Re7 33.Qf2 Kg7 34.Kh1 Qd5 35.Bg2 Bd6 36.Rf6 Qe5 37.Bf1 Qg3
38.Qxg3 Bxg3 39.Rc6 Bxh4 40.Rc5 a6 41.a4 Re1 42.Kg2 bxa4 43.Bxc4 Rb1 44.Kh3 Rh1+
45.Kg2 Rb1 46.Kh3 Rh1+  1/2-1/2

[Event "Boeblingen op"]
[Site "Boeblingen"]
[Date "1985.??.??"]
[Round "?"]
[White "Vrabac, Branko"]
[Black "Curovic"]
[Result "0-1"]
[WhiteElo "2200"]
[BlackElo "2200"]

1.d4 Nf6 2.Bg5 e6 3.e3 d5 4.Bd3 Be7 5.Nd2 Nbd7 6.Ngf3 O-O 7.c3 Re8 8.Ne5 Nxe5
9.dxe5 Nd7 10.Bxe7 Qxe7 11.f4 Qc5 12.Qe2 f6 13.Bxh7+ Kf7 14.O-O-O b5 15.Nb3 Qb6
16.e4 c6 17.Rd3 Rh8 18.Qh5+ Kf8 19.Qg6 Qf2 20.Rg3 Qxf4+ 21.Kd1 Qh6 22.exf6 Qxg6
23.Bxg6 gxf6 24.exd5 exd5 25.Re1 Ne5 26.Nd4 Bd7 27.Rf1 Rxh2 28.Rxf6+ Ke7
29.Rf2 Rg8 30.Re3 Rxg6 31.Rxe5+ Kd6 32.Ree2 a5 33.Kc2 a4 34.b3 a3 35.b4 c5
36.bxc5+ Kxc5 37.Kb3 b4 38.Re7 bxc3 39.Kxc3 Kd6 40.Rff7 Bc8 41.Rc7 Rg3+ 42.Kb4 Rh4
43.Rc6+ Ke5 44.Re7+ Kxd4 45.Rxc8 Rxg2 46.Rc3 Rb2+ 47.Rb3 Rxa2 48.Ree3 Re4
49.Rbd3+ Ke5+ 50.Kb3 Ra1  0-1

[Event "Szirak"]
[Site "Szirak"]
[Date "1985.??.??"]
[Round "8"]
[White "Yap, Andronico"]
[Black "Sax, Gyula"]
[Result "0-1"]
[WhiteElo "2425"]
[BlackElo "2535"]

1.d4 Nf6 2.Bg5 e6 3.Nc3 h6 4.Bxf6 Qxf6 5.e4 d6 6.Nf3 a6 7.e5 Qd8 8.Bd3 d5
9.Ne2 c5 10.c3 Qb6 11.O-O Qxb2 12.Rb1 Qa3 13.c4 dxc4 14.Be4 cxd4 15.Qxd4 Bc5
16.Qxc4 O-O 17.Rb3 Qa5 18.Bb1 Nd7 19.Qe4 f5 20.exf6 Nxf6 21.Qg6 Bd7 22.Rxb7 Ra7
23.Rxd7 Rxd7 24.Nf4 Bxf2+ 25.Kxf2 Qb6+ 26.Kg3 Qb8 27.Nh4 Rd4 28.Bc2 Qe5 29.Kh3 Rxf4
30.Rxf4 Qxf4 31.Bb3 Qe3+ 32.Nf3 Nd5 33.Qg4 Rf5 34.Kg3 Rg5  0-1

[Event "Gausdal Int"]
[Site "Gausdal"]
[Date "1986.??.??"]
[Round "?"]
[White "Agdestein, Espen"]
[Black "Bjerke, Richard"]
[Result "1/2-1/2"]
[WhiteElo "2340"]
[BlackElo "2280"]

1.d4 Nf6 2.Bg5 e6 3.e4 h6 4.Bxf6 Qxf6 5.Nf3 b6 6.Nc3 Bb7 7.Bd3 d6 8.d5 Nd7
9.Nb5 Kd8 10.Nc3 g5 11.O-O Bg7 12.Re1  1/2-1/2

[Event "Oakham YM"]
[Site "Oakham"]
[Date "1986.??.??"]
[Round "2"]
[White "Buckmire, Ron"]
[Black "Marin, Mihail"]
[Result "1/2-1/2"]
[WhiteElo "2280"]
[BlackElo "2425"]

1.d4 Nf6 2.Bg5 e6 3.e4 h6 4.Bxf6 Qxf6 5.Nf3 b6 6.Bd3 Bb7 7.h4 c5 8.c3 cxd4
9.cxd4 Nc6 10.e5 Qf4 11.Be2 Bb4+ 12.Nc3 Rc8 13.a3 Bxc3+ 14.bxc3 Na5 15.g3 Qe4
16.Rc1 Ba6 17.Qc2 Qxe2+ 18.Qxe2 Bxe2 19.Kxe2 Nc4 20.Kd3 Ke7 21.Nd2 Nxd2 22.Kxd2 Rc4
23.Rb1 Rhc8 24.Rhc1 d6 25.f4 h5 26.Rb5 d5 27.Rb3 f6 28.Re1 f5  1/2-1/2

[Event "Oakham YM"]
[Site "Oakham"]
[Date "1986.??.??"]
[Round "8"]
[White "Buckmire, Ron"]
[Black "Adams, Michael"]
[Result "1-0"]
[WhiteElo "2280"]
[BlackElo "2295"]

1.d4 Nf6 2.Bg5 e6 3.e4 h6 4.Bxf6 Qxf6 5.Nf3 b6 6.Bd3 Bb7 7.Nbd2 c5 8.e5 Qd8
9.Be4 Qc7 10.O-O Be7 11.dxc5 bxc5 12.Bxb7 Qxb7 13.Nc4 O-O 14.Qd3 Nc6 15.Rad1 Rad8
16.c3 Qa6 17.a3 Qb5 18.Rd2 f6 19.Rfd1 Qb8 20.Qg6 Qc7 21.h3 Rf7 22.Qg3 Bf8
23.Nh2 Kh8 24.Qg6 Re7 25.exf6 gxf6 26.Ng4 Qf4 27.Nd6 Ne5 28.Nxe5 Qxe5 29.Nf7+ Rxf7
30.Qxf7 d5 31.Rd3 Bd6 32.Rg3 f5 33.Rg6  1-0

[Event "Tallinn (Women)"]
[Site "Tallinn"]
[Date "1986.??.??"]
[Round "3"]
[White "Alekhina, Natalia V"]
[Black "Tsiganova, Monika"]
[Result "1-0"]
[WhiteElo "2215"]
[BlackElo "1985"]

1.d4 Nf6 2.Bg5 e6 3.Nf3 h6 4.Bh4 c5 5.e3 Nc6 6.c3 Be7 7.Bd3 b6 8.Nbd2 d6
9.O-O O-O 10.Rc1 cxd4 11.exd4 Bb7 12.Qe2 Nh5 13.Qe4 g6 14.Bxe7 Qxe7 15.Qe3 Kg7
16.Rfe1 Rae8 17.b4 Nb8 18.c4 Nd7 19.c5 bxc5 20.dxc5 dxc5 21.bxc5 Rc8 22.Be4 Nb8
23.Nd4 Nf6 24.Bxg6 fxg6 25.Nxe6+ Kg8 26.Qxh6 Qf7 27.Ng5 Qd5 28.Qxg6+ Kh8
29.Qh6+ Kg8 30.Qg6+ Kh8 31.Re4  1-0